| 000 | 00742nam a2200217 u 4500 | ||
|---|---|---|---|
| 005 | 20240209063638.0 | ||
| 008 | 130423s2008 mx r 000 0 spa d | ||
| 020 | _a9786074670011 (SEP) | ||
| 020 | _a9789870601517 (Aique) | ||
| 035 | _aUPN01000190807 | ||
| 049 | _aLTG | ||
| 050 | 4 |
_aLB1028.3 _bR6.4a |
|
| 100 | 1 |
_aRodríguez de Fraga, Abel _933743 |
|
| 245 | 1 | 0 |
_aEducación tecnológica : _b(se ofrece). Espacio en el aula : (se busca) / _cAbel Rodríguez de Fraga. |
| 260 |
_aMéxico : _bSEP, Subsecretaría de Educación Básica, _bAique, _c2008. |
||
| 300 |
_a223 p. : _bil. |
||
| 440 | 0 |
_aReforma integral de la educación básica. _pSecundaria |
|
| 650 | 4 |
_aEducación tecnológica _94854 |
|
| 905 | _aLibro | ||
| 999 |
_c162910 _d162910 |
||